000 00316cam a2200133ua 4500
003 OSt
008 221031b |||||||| |||| 00| 0 eng d
041 _aeng
082 _a297
_bMIN/MU
245 _aMuslims in India /
260 _aIndia :
_bMinistry of I&B, Govt. of India ,
_c1964.
300 _a40 ; .
942 _cBK
999 _c1863
_d1863